Culture Générale - Série 540 - Statistiques

Statistiques générales
  • Ce quiz a été pris 180 fois
  • Le résultat moyen est 6 sur 10
Statistiques - réponses
Question Réponse % Correct
A partir de combien de codes PIN erronés la carte SIM d'un téléphone mobile se bloque-t-elle ? 3
99%
Quel animal est l'éperlan ? poisson
95%
De quelle sorte de salade la batavia est-elle une variété ? laitue
74%
Quel prix Nobel le Britannique Harold Pinter a-t-il reçu en 2005 ? Littérature
64%
Quel art divinatoire consiste à prédire l'avenir grâce à des cartes à jouer ? cartomancie
63%
Dans le calendrier, quelle fête chrétienne tombe le septième dimanche après Pâques ? Pentecôte
57%
Dans la série télévisée "Beverly Hills", comment se prénomme la soeur jumelle de Brandon ? Brenda
54%
Qui chante "Brave Margot" en s'accompagnant à la guitare, en 1954 ? Georges Brassens
54%
Dans la cuisine italienne, quelles boulettes de semoule de blé ou de pommes de terre sont servies gratinées ou accompagnées de sauce tomate ? gnocchis
44%
Qui dit : "Ce soir il y a bal dans ma rue" dans une chanson de 1949 ? Edith Piaf
28%
Aucun quiz correspondant
Distribution des résultats
% des personnes avec chaque résultat
Percentile par nombre de réponses
Votre historique - résultats
Vous n’avez pas pris ce quiz